Responses for Show #4756 - Monday, April 18, 2005

2005 Ultimate Tournament of Champions Round 2, game 4.

Contestants

[<< previous game]

Michael Daunt, an accountant from Oakville, Ontario, Canada

Bob Harris, a writer from Los Angeles, California

Bruce Borchardt, a metrologist from Washington, D.C.

[next game >>]

Jeopardy! Round responses

HISTORIC QUOTATIONS
PLAYING PRESIDENT
FISH, BIRD OR MAMMAL
BRITISH SPELLING BEE
(Alex: You have to spell your response... the way the British do.)
BEEN THERE...
DONE THAT
    $200 18
Florence Nightingale

Bruce
    $200 12
Reagan

Bob
    $200 26
a bird

Bob
    $200 1
G-A-O-L

Bruce
    $200 7
Bangladesh

Bob
    $200 5
a kaleidoscope

Bruce
    $400 19
hail

Michael
    $400 13
(Alex: Good backhand for him.)

Andrew Jackson

Bob
    $400 27
a mammal

Michael
    $400 2
D-E-F-E-N-C-E

Bruce
    $400 8
Denmark

Michael
    $400 6
(Michael: What is a safety pin?)

a paper clip

BobMichael
    $600 20
MacArthur

Michael
    $600 14
Eisenhower

Bob
    $600 28
a fish

Bruce
    $600 3
M-E-T-R-E

Bruce
    $600 9
Indonesia

Michael
    $600 23
plastic

Michael
    $800 21
the government

Michael
    $1,000 15
(Bob: James Garfield?)
(Alex: Bob?)
(Bob: Yeah, um, uh, what is... Merrily We Roll Along?--I don't know.)
(Alex: No. What is [*]?)
(Bob: Oh.)
(Alex: Makes sense after you hear it. All right, you're still in the lead. Go again.)
(Bob: Yeah, suffering from brain death.)

Assassins

Bob
    $800 29
a fish

Bob
    $800 4
C-H-E-Q-U-E

Bob
    $800 10
Jordan

Bob
    $800 24
(Bob: What are operators?)

switchboard

Bob
Triple Stumper
    $1000 22
(Charles) Gridley

Bob
    $1000 16
Washington

Michael
    $1000 30
(Alex: It's a kind of cat.)

a mammal

Triple Stumper
    $1000 17
C-O-L-O-U-R

Michael
    $1000 11
(Alex: And that is [*], in Africa.)

Zambia

Triple Stumper
    $1000 25
a submarine

Bruce

Scores at the first commercial break (after clue 14):

Bruce Bob Michael
$1,400 $3,400 $600

Scores at the end of the Jeopardy! Round:

Bruce Bob Michael
$3,200 $3,600 $5,400

Double Jeopardy! Round responses

EGYPTIAN LIFE
1970s POP MUSIC
LABOR
YOUR NUMBER'S UP
FILL IN THE TITLE
I'M JUST A "BILL"
(Alex: And each correct response will begin with those letters.)
    $400 2
peace

Michael
    $400 26
"Weekend In New England"

Bob
    $400 1
a lockout

Michael
    $400 21
(Michael: What is 16?)

12

BobMichael
    $400 16
Dharma

Bob
    $400 11
billboards

Bruce
    $800 3
coffee grounds

Bruce
    $800 27
(Bob: Spelled British.)
[Laughter]

Rumours

Bob
    $800 4
steel

Bob
    $800 22
(Michael: What is 50?)
...
(Alex: That's right, 1912-1959.)

48

BruceMichael
    $800 17
Romance

Triple Stumper
    $800 12
a billiard table

Michael
    $1200 8
suq

Michael
    $1200 28
"The Captain"

Bob
    $4,400 5
(Bob: Let's make it a True Daily Double.)
(Alex: Whoa.)

Jimmy Hoffa

Bob
    $1200 23
21

Michael
    $1200 18
Agent

Bruce
    $1200 13
billet

Michael
    $1600 9
the Gulf of Suez & the Gulf of Aqaba

Triple Stumper
    $1600 29
Sir Duke

Bob
    $1600 6
wobblies

Bob
    $1600 24
(Alex: They won [*] games, 10 losses only.)

72

Triple Stumper
    $1600 19
Women

Triple Stumper
    $1600 14
billows

Michael
    $2000 10
(Naguib) Mahfouz

Bob
    $2000 30
[Bob, who has almost run the category, lifts first one hand up in resignation, then the other, prompting laughter from the audience]
(Alex: It's [*]. That's why you hear crying!)

"Heaven Must Be Missing An Angel"

Triple Stumper
    $2000 7
OSHA

Michael
    $3,000 25
(Alex: 4 knight moves, 16 pawn moves.)

20

Michael
    $2000 20
Silas Lapham

Triple Stumper
    $2000 15
Billingsgate

Bruce

Scores at the end of the Double Jeopardy! Round:

Bruce Bob Michael
$8,400 $17,200 $16,000

[wagering suggestions for these scores]

Final Jeopardy! Round responses

INVENTED WORDS
(Alex: Bruce, we come to you first. You have a good poker face. I can't tell if you feel good or bad about this. "What is [*]?" "'Twas [*] and the slithy toves did gyre and gimble in the wabe." You are right. Your wager, sir. Nothing. Interesting, leaving you with $8,400. Let's go down there to Michael Daunt. He wrote down his response quickly. He wrote down the correct response. His wager... $6,801, taking him into the lead with $22,801.)
(Bob: "All mimsy were the borogoves, and the mome raths outgrabe. And as in uffish thought I stood, the Jabberwock, with eyes of flame, came whiffling through the tulgey wood, and burbled as it came!" And I wrote down "teatime".)
(Alex: Well, that's the way it goes, Bob. $2,200. You're gonna wind up with $10,000. And Bruce will wind up with $10,000. But Michael Daunt, with $22,801, will get to play again. Oh, sometimes the magic works and sometimes it doesn't. Join us on our next show, folks. So long.)
BruceWhat is brillig?
$0
MichaelWhat is brillig?
$6,801
BobWhat is teatime?
$15,000
brillig

Final scores:

Bruce Bob Michael
$8,400 $2,200 $22,801
2nd place: $10,000 3rd place: $10,000 Winner: $22,801 + an advance to UToC Round 3

Game dynamics:

Coryat scores:

Bruce Bob Michael
$8,400 $15,000 $15,000
12 R,
0 W
20 R
(including 1 DD),
2 W
(including 1 DD)
18 R
(including 1 DD),
3 W

Combined Coryat: $38,400

[game clues] [game scores] [suggest correction]

Game tape date: 2005-03-22
The J! Archive is created by fans, for fans. Scraping, republication, monetization, and malicious use prohibited; this site may use cookies and collect identifying information. See terms. The Jeopardy! game show and all elements thereof, including but not limited to copyright and trademark thereto, are the property of Jeopardy Productions, Inc. and are protected under law. This website is not affiliated with, sponsored by, or operated by Jeopardy Productions, Inc. Join the discussion at JBoard.tv.